| 000 | 00591nam a2200205Ia 4500 | ||
|---|---|---|---|
| 005 | 20250326144514.0 | ||
| 008 | 250326s9999 xx 000 0 und d | ||
| 020 | _a0-8058-2878-8 | ||
| 037 | _aTextbook | ||
| 040 |
_aFMSL _beng _cFMSL |
||
| 041 |
_aeng _2eng |
||
| 084 |
_aS(R) P1 _qFMSL |
||
| 100 |
_aNielsen S L _9749793 |
||
| 245 | 0 |
_aCounseling and psychotherapy with religions persons _cNielsen S L And Others |
|
| 260 |
_aNew Delhi _bNew Delhi, Sage _c2001 |
||
| 300 | _axiv,285. | ||
| 365 | _b4885.9250000000002 | ||
| 942 |
_cTB _hS(R) P1 |
||
| 999 |
_c1303959 _d1303959 |
||